Košice - Leninova ulica

Zobrazenie: Pohľad zo strany, z parku, cez kamenné zábradlie a schodisko na rad domov pri ceste. Na prvej budove vľavo v rade, nad textilnými strieškami je nápis "Pančuchy OBUV Pedikura". Vedľa tejto budove vpravo v rade je Župný dom. Pred radom budov je chodník, na ktorom sú ľudia. Vprav...

Full description

Bibliographic Details
Other Authors: Hajduch, Ján, 1906-1972 (Photographer)
Format: Postcard
Language:Slovak
PhysicalDescription:1 pohľadnica čiernobiela 11 x 15 cm
Published: [Bratislava] VPL 1967
Subjects:

MARC

LEADER 00000nkm a2200000 a 4500
001 vtls012279817
003 SK-MaSNL
005 20260512122615.0
007 kp bo
008 250717s1967 xo g kuslo
015 |a SNBG1967 
040 |a SNK  |b slo  |c SNK  |e AACR2 
041 0 |a slo 
043 |a e-xo--- 
044 |a xo  |c SK 
072 7 |a 913  |x Regionálna geografia  |2 konspekt 
080 |a 913(437.6)  |2 2011 
080 |a 711.73  |2 2011 
080 |a 904(084.121)  |2 2011 
080 |a 721  |2 2011 
080 |a 904:72  |2 2011 
080 |a 712.253  |2 2011 
100 1 |a Hajduch, Ján,  |d 1906-1972  |4 pht  |9 98286 
245 1 0 |a Košice - Leninova ulica  |h grafika  |c foto Ján Hajduch 
260 |a [Bratislava]  |b VPL  |c 1967 
300 |a 1 pohľadnica  |b čiernobiela  |c 11 x 15 cm 
520 8 |a Zobrazenie: Pohľad zo strany, z parku, cez kamenné zábradlie a schodisko na rad domov pri ceste. Na prvej budove vľavo v rade, nad textilnými strieškami je nápis "Pančuchy OBUV Pedikura". Vedľa tejto budove vpravo v rade je Župný dom. Pred radom budov je chodník, na ktorom sú ľudia. Vpravo od cesty je park so stromami 
610 2 7 |a Župný dom (Košice, Slovensko)  |2 SNKKA  |9 173762 
650 0 7 |a ulice  |2 SNKPH  |9 2938 
650 0 7 |a budovy  |2 SNKPH  |9 1283 
650 0 7 |a národné kultúrne pamiatky  |2 SNKPH  |9 31192 
650 0 7 |a Streets  |2 SNKPHeng  |9 347269 
650 0 7 |a Buildings  |2 SNKPHeng  |9 286401 
650 0 7 |a National cultural monuments  |2 SNKPHeng  |9 337379 
650 0 7 |a parky  |2 SNKPH  |9 2942 
650 0 7 |a Parks  |2 SNKPHeng  |9 327410 
651 7 |a Košice (Slovensko)  |2 SNKPHgeo  |9 18694 
651 7 |a Hlavná ulica (Košice, Slovensko)  |2 SNKPHgeo  |9 29594 
655 7 |a miestne pohľadnice  |2 SNKPH  |9 70510 
655 7 |a pohľadnice kultúrnych pamiatok  |2 SNKPH  |9 70523 
655 7 |a Local postcards  |2 SNKPHeng  |9 340887 
655 7 |a Postcards of cultural monuments  |2 SNKPHeng  |9 340888 
852 |a Slovenská národná knižnica 
954 |a pohľadnice pôvodné (slovenské)  |2 lita 
958 |a GBN 
958 |a OND 
958 |a GC 
999 |c 617049  |d 618979 
952 |a SNK  |b SNK  |y PREZ  |7 0  |p 17A1248238  |o snkSP 40934  |0 0  |1 0  |4 0  |d 2025-07-17  |l 0  |r 2026-02-23 16:42:43  |w 2026-02-23 
952 |a SNK  |b SNK  |y PREZ  |7 0  |p 17A1275981  |o snkSP 40934 D1  |0 0  |1 0  |4 0  |d 2025-07-17  |l 0  |r 2026-02-23 16:42:43  |w 2026-02-23 
952 |a SNK  |b SNK  |y PREZ  |7 0  |p 17A1440753  |o snkSP 40934 D2  |0 0  |1 0  |4 0  |d 2025-07-17  |l 0  |r 2026-02-23 16:42:43  |w 2026-02-23